Ejemplos recientes de irresponsabilidad estatal
Gorde:
| Formatua: | Texto |
|---|---|
| Gaiak: | |
| Etiketak: |
Etiketa erantsi
Etiketarik gabe, Izan zaitez lehena erregistro honi etiketa jartzen!
|
MARC
| LEADER | 00000 a a2200000 04500 | ||
|---|---|---|---|
| 001 | 6868 | ||
| 003 | |||
| 040 | |||
| 245 | |a Ejemplos recientes de irresponsabilidad estatal | ||
| 650 | |a RESPONSABILIDAD DE LOS ESTADOS | ||
| 650 | |a EL SALVADOR | ||
| 773 | |g volumen 28, número 1258; páginas 2-3 | ||
| 999 | |c 21882 |d 21882 | ||
